Sobre fronteras y consulados (Registro nro. 61979)

Detalles MARC
000 -ENCABEZADO
Número de control [NR] 00527nam a2200157Ia 4500
008 - DE LONGITUD FIJA DE DATOS DE ELEMENTOS - INFORMACIÓN GENERAL
Elementos de longitud fija [NR] 130821s1914 sp gr spa
040 ## - FUENTE DE CATALOGACION [NR]
Agencia de catalogación original [NR] Co-BoUCM
Idioma de catalogación [NR] spa
041 00 - CODIGO DE IDIOMA [R]
Código de idioma para texto/pista de sonido o título separado [R] Español
100 1# - ASIENTO PRINCIPAL--NOMBRE PERSONAL [NR]
Nombre personal [NR] Pérez Sarmiento, José Manuel
245 10 - MENCION DE TITULO [NR]
Título [NR] Sobre fronteras y consulados
Mención de responsabilidad, etc. [NR] José Manuel Pérez Sarmiento
260 ## - PUBLICACION, DISTRIBUCION, ETC. (PIE DE IMPRENTA) [R]
Lugar de publicación, distribución, etc. [R] Cádiz (Andalucía, Espaa)
Nombre del editor, distribuidor, etc. [R] Alvarez Feduchy
Fecha de publicación, distribución, etc. [R] 1914
300 ## - DESCRIPCION FISICA [R]
Extensión [R] 208 páginas
650 04 - ASIENTO SECUNDARIO DE MATERIA - TERMINO TEMATICO [R]
Término temático o nombre geográfico como elemento de entrada [NR] Servicio diplomático y consular
9 (RLIN) 24270
942 ## - ELEMENTOS DE ENTRADA AGREGADOS (KOHA)
Tipo de ítem principal el descrito en 300a Libro
Tema principal Ciencia política
Edición 1
Parte restante de la signatura top. P272
Sistema de clasificación DEWEY
Clasificación 327.2
Existencias
Total préstamos Signatura topográfica Código de barras Última vez visto Ejemplar Price effective from Tipo de ítem Perdido Sistema de clasificación Dañado No prestable Tipo de ítem específico Suprimido Ubicación habitual Ubicación actual Localización Fecha de creación Forma de adquisición Costo
  327.2 P272 3000611 15/12/2012 Ej.1 03/02/2013 Libro   DEWEY     Libro     Bib. Cavelier Acavalier 28/02/2013   0.00